[Event "5MCR_4D_1L_4S"]
[Site "?"]
[Date "2002.??.??"]
[Round "?"]
[White "Kuta, Miroslav"]
[Black "Musil, Martin"]
[Result "1/2-1/2"]
[WhiteElo "2180"]
[BlackElo "2000"]
[PlyCount "87"]
[EventDate "2002.??.??"]
[EventType "corr"]
[SourceDate "2004.??.??"]

1. d4 d5 2. c4 e6 3. Nc3 Nf6 4. Bg5 Be7 5. e3 O-O 6. Nf3 h6 7. Bh4 b6 8. Bd3
Bb7 9. O-O Nbd7 10. Qe2 c5 11. Rfd1 Ne4 12. Bg3 Nxg3 13. hxg3 cxd4 14. exd4 Nf6
15. Rac1 Rc8 16. Ne5 dxc4 17. Bxc4 Nd5 18. Bb3 Nxc3 19. bxc3 Rc7 20. Qd3 Bf6
21. Ng4 h5 22. Nxf6+ Qxf6 23. c4 Rd8 24. d5 Rcd7 25. Qe2 exd5 26. cxd5 Bxd5 27.
Qxh5 Bxb3 28. Rxd7 Rxd7 29. axb3 g6 30. Qe2 Rd8 31. Qe1 a5 32. Rc4 Kg7 33. Rh4
Rd4 34. Rh3 Rd8 35. Rh4 Rh8 36. Rf4 Qb2 37. Qd1 b5 38. g4 Re8 39. g3 Qe5 40.
Kg2 Re6 41. Qd2 b4 42. Qd4 Qxd4 43. Rxd4 Rc6 44. Rd5 1/2-1/2

[Event "5MCR_4D_1L_4S"]
[Site "?"]
[Date "2002.??.??"]
[Round "?"]
[White "Kuta, Miroslav"]
[Black "Rybakova, Ivana"]
[Result "1/2-1/2"]
[WhiteElo "2180"]
[BlackElo "2170"]
[PlyCount "33"]
[EventDate "2002.??.??"]
[EventType "corr"]
[SourceDate "2004.??.??"]

1. d4 Nf6 2. c4 e6 3. Nc3 d5 4. Bg5 Be7 5. e3 O-O 6. Nf3 h6 7. Bh4 b6 8. Bd3
Bb7 9. O-O Nbd7 10. Qe2 c5 11. Bg3 Ne4 12. cxd5 exd5 13. Rad1 Qc8 14. Rc1 Ndf6
15. Rfd1 Qe6 16. dxc5 bxc5 17. Bxe4 1/2-1/2

[Event "5MCR_4D_1L_4S"]
[Site "?"]
[Date "2002.??.??"]
[Round "?"]
[White "Lorenc, Tomas"]
[Black "Cakl, Zdenek"]
[Result "1/2-1/2"]
[WhiteElo "2200"]
[BlackElo "2155"]
[PlyCount "56"]
[EventDate "2002.??.??"]
[EventType "corr"]
[SourceDate "2004.??.??"]

1. e4 c5 2. Nf3 Nc6 3. d4 cxd4 4. Nxd4 d6 5. c4 Nf6 6. Nc3 g6 7. Nc2 Bg7 8. Be2
O-O 9. O-O Nd7 10. Bd2 Nc5 11. b4 Bxc3 12. Bxc3 Nxe4 13. Bb2 e5 14. Bf3 Ng5 15.
Bxc6 bxc6 16. f4 Ne4 17. fxe5 dxe5 18. Bxe5 f5 19. c5 Be6 20. Bd4 a5 21. Qd3
Qc7 22. a3 Rfd8 23. Qe3 Rd7 24. Rad1 Rad8 25. g4 Re8 26. gxf5 Bxf5 27. Ba1 axb4
28. Nd4 bxa3 1/2-1/2

[Event "5MCR_4D_1L_4S"]
[Site "?"]
[Date "2002.??.??"]
[Round "?"]
[White "Lorenc, Tomas"]
[Black "Kolarik, Jiri"]
[Result "1/2-1/2"]
[WhiteElo "2200"]
[BlackElo "2375"]
[PlyCount "53"]
[EventDate "2002.??.??"]
[EventType "corr"]
[SourceDate "2004.??.??"]

1. d4 Nf6 2. Nf3 d5 3. c4 e6 4. Nc3 c6 5. e3 Nbd7 6. Qc2 Bd6 7. Be2 O-O 8. O-O
dxc4 9. Bxc4 e5 10. h3 Qe7 11. a3 a5 12. Ba2 Re8 13. Ng5 Rf8 14. Bd2 h6 15.
Nge4 Bc7 16. d5 cxd5 17. Nxf6+ Nxf6 18. Nxd5 Nxd5 19. Bxd5 Rd8 20. e4 Bb6 21.
Qb3 Bd4 22. Rac1 Ra6 23. Rc2 Bd7 24. Rfc1 Bc6 25. Bxc6 bxc6 26. Qc4 Qa7 27. Bc3
1/2-1/2

[Event "5MCR_4D_1L_4S"]
[Site "?"]
[Date "2002.??.??"]
[Round "?"]
[White "Lorenc, Tomas"]
[Black "Kosek, Lubomir"]
[Result "1/2-1/2"]
[WhiteElo "2200"]
[BlackElo "2110"]
[PlyCount "53"]
[EventDate "2002.??.??"]
[EventType "corr"]
[SourceDate "2004.??.??"]

1. d4 Nf6 2. c4 g6 3. Nc3 Bg7 4. e4 d6 5. Nf3 O-O 6. Be2 e5 7. O-O Nbd7 8. Qc2
exd4 9. Nxd4 Nc5 10. Nb3 Nxb3 11. axb3 Be6 12. Bg5 h6 13. Be3 a6 14. Qd2 Kh7
15. Bd4 Re8 16. f4 c5 17. Be3 Bg4 18. Bd3 Bd7 19. f5 Ng4 20. Bf4 Bc6 21. fxg6+
fxg6 22. Nd5 Rf8 23. Bg3 Bxd5 24. exd5 Bd4+ 25. Kh1 Qe7 26. Rfe1 Qg7 27. Re6
1/2-1/2

[Event "5MCR_4D_1L_4S"]
[Site "?"]
[Date "2002.??.??"]
[Round "?"]
[White "Lorenc, Tomas"]
[Black "Kovar, Jan"]
[Result "1/2-1/2"]
[WhiteElo "2200"]
[BlackElo "2000"]
[PlyCount "58"]
[EventDate "2002.??.??"]
[EventType "corr"]
[SourceDate "2004.??.??"]

1. d4 d5 2. c4 e6 3. Nc3 c6 4. e3 Nf6 5. Nf3 Nbd7 6. Qc2 Bd6 7. Bd3 O-O 8. O-O
e5 9. cxd5 cxd5 10. e4 dxe4 11. Nxe4 Nxe4 12. Bxe4 h6 13. Be3 exd4 14. Bh7+ Kh8
15. Bxd4 Nf6 16. Bf5 Qa5 17. Bxc8 Rfxc8 18. Qb3 Qd5 19. Bxf6 Qxb3 20. Bxg7+
Kxg7 21. axb3 Be7 22. Nd4 Bf6 23. Rfd1 Bxd4 24. Rxd4 Rc2 25. Rb4 Rac8 26. g3
Rc1+ 27. Rxc1 Rxc1+ 28. Kg2 b6 29. g4 Rc2 1/2-1/2

[Event "5MCR_4D_1L_4S"]
[Site "?"]
[Date "2002.??.??"]
[Round "?"]
[White "Lorenc, Tomas"]
[Black "Musil, Martin"]
[Result "1/2-1/2"]
[WhiteElo "2200"]
[BlackElo "2000"]
[PlyCount "89"]
[EventDate "2002.??.??"]
[EventType "corr"]
[SourceDate "2004.??.??"]

1. c4 e5 2. Nc3 Nf6 3. g3 Bb4 4. Nf3 Nc6 5. Nd5 Bc5 6. d3 h6 7. a3 a5 8. Bg2 d6
9. O-O O-O 10. Nxf6+ Qxf6 11. Nd2 Qg6 12. Ne4 Bb6 13. Nc3 Ne7 14. e3 c6 15. b3
Bf5 16. e4 Bg4 17. Qe1 Bd4 18. Be3 f5 19. Bxd4 exd4 20. f3 Bh5 21. Ne2 fxe4 22.
dxe4 Qf6 23. a4 c5 24. Nf4 Bg6 25. Nd3 Nc6 26. Qd2 Rae8 27. Rae1 Qd8 28. f4 Nb4
29. Nf2 Qd7 30. g4 Re7 31. h4 Be8 32. g5 hxg5 33. hxg5 Bh5 34. f5 Re5 35. Nh1
Qe7 36. Ng3 Bg4 37. Rf2 g6 38. Ref1 gxf5 39. Nxf5 Bxf5 40. Rxf5 Rexf5 41. exf5
Qe3+ 42. Qxe3 dxe3 43. f6 e2 44. Re1 Re8 45. g6 1/2-1/2

[Event "5MCR_4D_1L_4S"]
[Site "?"]
[Date "2002.??.??"]
[Round "?"]
[White "Lorenc, Tomas"]
[Black "Rachunek, Milan"]
[Result "1/2-1/2"]
[WhiteElo "2200"]
[BlackElo "2235"]
[PlyCount "59"]
[EventDate "2002.??.??"]
[EventType "corr"]
[SourceDate "2004.??.??"]

1. d4 Nf6 2. Nf3 d5 3. c4 e6 4. Nc3 dxc4 5. e4 Bb4 6. Bg5 c5 7. Bxc4 cxd4 8.
Nxd4 Qa5 9. Bd2 Qc5 10. Bb5+ Nbd7 11. Nb3 Qb6 12. Qe2 a6 13. Bd3 Ne5 14. Bc2
Bd7 15. f4 Ng6 16. e5 Nd5 17. Nxd5 exd5 18. g3 Bb5 19. Qf2 Bxd2+ 20. Qxd2 Rc8
21. O-O-O O-O 22. Kb1 Ne7 23. Nd4 Bd7 24. f5 Nc6 25. Nxc6 Rxc6 26. f6 h6 27.
Ka1 Rd8 28. Ba4 Rc7 29. Bxd7 Rcxd7 30. Rhe1 1/2-1/2

[Event "5MCR_4D_1L_4S"]
[Site "?"]
[Date "2002.??.??"]
[Round "?"]
[White "Lorenc, Tomas"]
[Black "Struzka, Vlastimil"]
[Result "1-0"]
[WhiteElo "2200"]
[BlackElo "2180"]
[PlyCount "73"]
[EventDate "2002.??.??"]
[EventType "corr"]
[SourceDate "2004.??.??"]

1. e4 d6 2. d4 Nf6 3. Nc3 g6 4. f4 Bg7 5. Nf3 O-O 6. Bd3 c5 7. dxc5 dxc5 8. e5
Nd5 9. Nxd5 Qxd5 10. Qe2 Qc6 11. Be3 Be6 12. b3 a6 13. Ng5 Bd5 14. c4 Bxg2 15.
Rg1 Bh1 16. O-O-O f6 17. exf6 exf6 18. Nxh7 Bf3 19. Qf2 Bxd1 20. Nxf8 Kxf8 21.
Bxc5+ Kg8 22. Bxg6 b6 23. Bxb6 Bg4 24. Rxg4 Nd7 25. Qg1 Kf8 26. Ba5 Qc5 27.
Qxc5+ Nxc5 28. Bf5 Kf7 29. b4 Na4 30. Kc2 Rb8 31. c5 Bf8 32. c6 Bd6 33. Rh4 Kg8
34. Rh7 Rb5 35. Bd3 Nb6 36. c7 Bxc7 37. Rxc7 1-0

[Event "5MCR_4D_1L_4S"]
[Site "?"]
[Date "2002.??.??"]
[Round "?"]
[White "Mozny, Milos"]
[Black "Hladik, Josef"]
[Result "1/2-1/2"]
[WhiteElo "2000"]
[BlackElo "2205"]
[PlyCount "67"]
[EventDate "2002.??.??"]
[EventType "corr"]
[SourceDate "2004.??.??"]

1. d4 Nf6 2. Nf3 d5 3. c4 c6 4. cxd5 cxd5 5. Nc3 Nc6 6. Bf4 Bf5 7. e3 e6 8. Ne5
Nxe5 9. dxe5 Nd7 10. e4 dxe4 11. g4 Bg6 12. Bb5 a6 13. Bxd7+ Qxd7 14. Qxd7+
Kxd7 15. Na4 Ke8 16. Rc1 h5 17. Ke2 hxg4 18. Rc7 Bh5 19. Bg3 f5 20. exf6 gxf6
21. Rd1 Rd8 22. Rxd8+ Kxd8 23. Rxb7 e5 24. Nb6 f5 25. Kf1 Rh6 26. Rb8+ Ke7 27.
Nd5+ Kf7 28. Bxe5 Rc6 29. Nf4 Bg6 30. Rb7+ Ke8 31. Rb8+ Kf7 32. Rb7+ Ke8 33.
Rb8+ Kf7 34. Rb7+ 1/2-1/2

[Event "5MCR_4D_1L_4S"]
[Site "?"]
[Date "2002.??.??"]
[Round "?"]
[White "Mozny, Milos"]
[Black "Janecek, Josef"]
[Result "1/2-1/2"]
[WhiteElo "2000"]
[BlackElo "2185"]
[PlyCount "99"]
[EventDate "2002.??.??"]
[EventType "corr"]
[SourceDate "2004.??.??"]

1. d4 Nf6 2. Nf3 g6 3. c4 Bg7 4. Nc3 d5 5. cxd5 Nxd5 6. e4 Nxc3 7. bxc3 c5 8.
Rb1 O-O 9. Be2 cxd4 10. cxd4 Qa5+ 11. Bd2 Qxa2 12. O-O Bg4 13. Bg5 h6 14. Be3
b6 15. h3 Bxf3 16. Bxf3 e5 17. d5 Nd7 18. Ra1 Qb2 19. Re1 Qb4 20. Re2 Rfc8 21.
Rea2 a5 22. Bg4 Ra7 23. Ra4 Qd6 24. Bxd7 Rxd7 25. Rb1 Rb8 26. Rb5 Rdb7 27. Qb3
Bf8 28. Kh2 Qd7 29. Rc4 Kh7 30. Rc6 Bc5 31. Bxc5 bxc5 32. Rxb7 Rxb7 33. Qc3 Qe7
34. Rxc5 a4 35. Ra5 Rb4 36. Qf3 Kg7 37. Ra6 Rc4 38. g3 h5 39. h4 Rd4 40. Kg2
Rc4 41. Qe3 Rd4 42. Qf3 Rc4 43. Rb6 Rd4 44. Rc6 Rb4 45. Qa3 Qb7 46. Qf3 Qe7 47.
Qa3 Qb7 48. Qe3 Qe7 49. Ra6 Rd4 50. Qf3 1/2-1/2

[Event "5MCR_4D_1L_4S"]
[Site "?"]
[Date "2002.??.??"]
[Round "?"]
[White "Mozny, Milos"]
[Black "Lorenc, Tomas"]
[Result "1/2-1/2"]
[WhiteElo "2000"]
[BlackElo "2200"]
[PlyCount "63"]
[EventDate "2002.??.??"]
[EventType "corr"]
[SourceDate "2004.??.??"]

1. d4 d5 2. Nf3 Nf6 3. c4 c6 4. cxd5 cxd5 5. Nc3 Nc6 6. Bf4 Bf5 7. e3 e6 8. Ne5
Nxe5 9. dxe5 Nd7 10. e4 dxe4 11. g4 Bg6 12. Bb5 a6 13. Bxd7+ Qxd7 14. Qxd7+
Kxd7 15. Na4 Bb4+ 16. Ke2 Ke8 17. Rhc1 h5 18. Rc7 Rb8 19. Rac1 Ba5 20. Rc8+ Ke7
21. Rxh8 Rxh8 22. b4 Bd8 23. Rc8 hxg4 24. Rb8 b6 25. Nxb6 Rh3 26. Bg3 f5 27.
exf6+ gxf6 28. a4 Be8 29. Rb7+ Kf8 30. Nd7+ Bxd7 31. Rxd7 Be7 32. b5 1/2-1/2

[Event "5MCR_4D_1L_4S"]
[Site "?"]
[Date "2002.??.??"]
[Round "?"]
[White "Mozny, Milos"]
[Black "Musil, Martin"]
[Result "1/2-1/2"]
[WhiteElo "2000"]
[BlackElo "2000"]
[PlyCount "51"]
[EventDate "2002.??.??"]
[EventType "corr"]
[SourceDate "2004.??.??"]

1. d4 d5 2. Nf3 Nf6 3. c4 e6 4. g3 Be7 5. Bg2 O-O 6. O-O dxc4 7. Ne5 Nc6 8.
Nxc6 bxc6 9. e3 Nd5 10. Qa4 Nb6 11. Qc2 Rb8 12. Rd1 Qe8 13. Nd2 c5 14. dxc5 Qa4
15. Qxa4 Nxa4 16. Nxc4 Bxc5 17. b3 Ba6 18. Bf1 Nc3 19. Rd2 Bxc4 20. Bxc4 Rfd8
21. Rc2 Nd5 22. a3 Bd6 23. Bd2 Nb6 24. Be2 Nd5 25. b4 f5 26. Bc4 1/2-1/2

[Event "5MCR_4D_1L_4S"]
[Site "?"]
[Date "2002.??.??"]
[Round "?"]
[White "Mozny, Milos"]
[Black "Rachunek, Milan"]
[Result "1/2-1/2"]
[WhiteElo "2000"]
[BlackElo "2235"]
[PlyCount "65"]
[EventDate "2002.??.??"]
[EventType "corr"]
[SourceDate "2004.??.??"]

1. d4 Nf6 2. Nf3 d5 3. c4 e6 4. g3 Be7 5. Bg2 O-O 6. O-O dxc4 7. Ne5 Nc6 8.
Nxc6 bxc6 9. e3 Nd5 10. Qa4 Nb6 11. Qc2 Rb8 12. Rd1 Qe8 13. Nd2 c5 14. dxc5
Bxc5 15. Nxc4 Nxc4 16. Qxc4 Qb5 17. Qxb5 Rxb5 18. b3 Bb7 19. Bxb7 Rxb7 20. Bb2
Bd6 21. Rac1 Rb6 22. e4 f6 23. Bd4 Ra6 24. Rc2 Rb8 25. Kg2 Rb5 26. f4 Kf7 27.
Be3 h5 28. h3 g6 29. g4 Raa5 30. Kf3 Rb7 31. Bf2 g5 32. f5 Ke7 33. Rd3 1/2-1/2

[Event "5MCR_4D_1L_4S"]
[Site "?"]
[Date "2002.??.??"]
[Round "?"]
[White "Mozny, Milos"]
[Black "Rybakova, Ivana"]
[Result "1-0"]
[WhiteElo "2000"]
[BlackElo "2170"]
[PlyCount "33"]
[EventDate "2002.??.??"]
[EventType "corr"]
[SourceDate "2004.??.??"]

1. d4 Nf6 2. c4 e6 3. Nf3 d5 4. g3 c5 5. cxd5 exd5 6. Bg2 Nc6 7. O-O Be7 8. Nc3
O-O 9. Bg5 cxd4 10. Nxd4 h6 11. Bf4 Qb6 12. Be3 Qxb2 13. Nxd5 Nxd5 14. Bxd5 Rd8
15. Rb1 Qa3 16. Nb5 Rxd5 17. Qxd5 1-0

[Event "5MCR_4D_1L_4S"]
[Site "?"]
[Date "2002.??.??"]
[Round "?"]
[White "Musil, Martin"]
[Black "Cakl, Zdenek"]
[Result "1-0"]
[WhiteElo "2000"]
[BlackElo "2155"]
[PlyCount "47"]
[EventDate "2002.??.??"]
[EventType "corr"]
[SourceDate "2004.??.??"]

1. e4 c5 2. c3 d5 3. exd5 Qxd5 4. d4 Nf6 5. Nf3 Bg4 6. Be2 e6 7. Na3 Nc6 8. h3
Bh5 9. Be3 cxd4 10. Nb5 O-O-O 11. Nbxd4 Bc5 12. Qa4 Nxd4 13. cxd4 Bb6 14. O-O
Qa5 15. Rfc1+ Kb8 16. Qb3 Rc8 17. g4 Bg6 18. g5 Ne4 19. Ne5 Nd6 20. Bf4 Ka8 21.
Bf3 Rcd8 22. Rc6 Nb5 23. Nc4 Qa6 24. Be5 1-0

[Event "5MCR_4D_1L_4S"]
[Site "?"]
[Date "2002.??.??"]
[Round "?"]
[White "Musil, Martin"]
[Black "Jordanek, Jiri"]
[Result "1/2-1/2"]
[WhiteElo "2000"]
[BlackElo "2000"]
[PlyCount "50"]
[EventDate "2002.??.??"]
[EventType "corr"]
[SourceDate "2004.??.??"]

1. d4 Nf6 2. c4 e6 3. Nc3 Bb4 4. e3 O-O 5. Bd3 d5 6. Nf3 c5 7. O-O Nc6 8. a3
Bxc3 9. bxc3 Qc7 10. cxd5 exd5 11. a4 Re8 12. Ba3 c4 13. Bc2 Ne4 14. Bxe4 Rxe4
15. Nd2 Re8 16. e4 dxe4 17. Re1 Be6 18. Nxe4 Bd5 19. Nd6 Re6 20. Rxe6 fxe6 21.
Rb1 b6 22. Qh5 Rf8 23. Re1 Qd7 24. Nxc4 Bxc4 25. Bxf8 Kxf8 1/2-1/2

[Event "5MCR_4D_1L_4S"]
[Site "?"]
[Date "2002.??.??"]
[Round "?"]
[White "Musil, Martin"]
[Black "Kolarik, Jiri"]
[Result "1/2-1/2"]
[WhiteElo "2000"]
[BlackElo "2375"]
[PlyCount "48"]
[EventDate "2002.??.??"]
[EventType "corr"]
[SourceDate "2004.??.??"]

1. e4 e6 2. d4 d5 3. Nd2 Nf6 4. e5 Nfd7 5. Bd3 c5 6. c3 Nc6 7. Ne2 cxd4 8. cxd4
f6 9. exf6 Nxf6 10. Nf3 Bd6 11. O-O O-O 12. Bf4 Bxf4 13. Nxf4 Ng4 14. Qd2 Qd6
15. g3 Bd7 16. Rae1 Rae8 17. Ng5 g6 18. Bc2 Kg7 19. f3 Nf6 20. Ba4 Nd8 21. Bb3
h6 22. Qd3 hxg5 23. Qxg6+ Kh8 24. Bc2 gxf4 1/2-1/2

[Event "5MCR_4D_1L_4S"]
[Site "?"]
[Date "2002.??.??"]
[Round "?"]
[White "Musil, Martin"]
[Black "Kosek, Lubomir"]
[Result "1-0"]
[WhiteElo "2000"]
[BlackElo "2185"]
[PlyCount "29"]
[EventDate "2002.??.??"]
[EventType "corr"]
[SourceDate "2004.??.??"]

1. e4 e5 2. Nf3 Nc6 3. Bc4 Bc5 4. c3 Nf6 5. d3 d6 6. Nbd2 Bb6 7. Bb3 O-O 8. h3
Na5 9. Bc2 Re8 10. O-O Be6 11. Re1 Qe7 12. Ba4 Nc6 13. Nc4 Bxc4 14. dxc4 Nxe4
15. Rxe4 1-0

[Event "5MCR_4D_1L_4S"]
[Site "?"]
[Date "2002.??.??"]
[Round "?"]
[White "Musil, Martin"]
[Black "Kovar, Jan"]
[Result "1/2-1/2"]
[WhiteElo "2000"]
[BlackElo "2000"]
[PlyCount "59"]
[EventDate "2002.??.??"]
[EventType "corr"]
[SourceDate "2004.??.??"]

1. e4 e6 2. d4 d5 3. Nd2 c5 4. Ngf3 cxd4 5. exd5 Qxd5 6. Bc4 Qd6 7. O-O Nf6 8.
Nb3 Nc6 9. Nbxd4 Nxd4 10. Nxd4 Bd7 11. c3 Be7 12. Qf3 Qc7 13. Bb3 O-O 14. Bg5
Nd5 15. Bxe7 Nxe7 16. Rfe1 Rad8 17. Rad1 a6 18. Qh5 Ng6 19. Bc2 Bc6 20. Nxc6
Qxc6 21. Qg5 Qc7 22. h3 Ne7 23. Qh4 Ng6 24. Qg5 Ne7 25. Be4 b6 26. Qh5 h6 27.
Qe2 a5 28. a3 Rxd1 29. Rxd1 Rd8 30. Qf3 1/2-1/2

[Event "5MCR_4D_1L_4S"]
[Site "?"]
[Date "2002.??.??"]
[Round "?"]
[White "Musil, Martin"]
[Black "Rachunek, Milan"]
[Result "1/2-1/2"]
[WhiteElo "2000"]
[BlackElo "2235"]
[PlyCount "41"]
[EventDate "2002.??.??"]
[EventType "corr"]
[SourceDate "2004.??.??"]

1. e4 e5 2. Nf3 Nc6 3. Bc4 Nf6 4. d3 Be7 5. O-O O-O 6. Re1 d6 7. c3 Na5 8. Bb5
a6 9. Ba4 b5 10. Bc2 c5 11. Nbd2 Re8 12. Nf1 Bb7 13. Ng3 Bf8 14. d4 cxd4 15.
cxd4 exd4 16. Nxd4 g6 17. b3 Bg7 18. Bb2 Rc8 19. Rc1 Bh6 20. Ra1 Bg7 21. Rc1
1/2-1/2

[Event "5MCR_4D_1L_4S"]
[Site "?"]
[Date "2002.??.??"]
[Round "?"]
[White "Musil, Martin"]
[Black "Struzka, Vlastimil"]
[Result "1-0"]
[WhiteElo "2000"]
[BlackElo "2180"]
[PlyCount "97"]
[EventDate "2002.??.??"]
[EventType "corr"]
[SourceDate "2004.??.??"]

1. e4 d6 2. d4 Nf6 3. Nc3 g6 4. f4 Bg7 5. Nf3 O-O 6. Bd3 c5 7. dxc5 dxc5 8. e5
Nd5 9. Nxd5 Qxd5 10. Qe2 Nc6 11. Be4 Qd7 12. Be3 b6 13. Rd1 Qc7 14. O-O a5 15.
Rd2 Ba6 16. c4 Rfd8 17. Rfd1 Rxd2 18. Rxd2 Rd8 19. b3 Rxd2 20. Qxd2 Bb7 21. Bd5
e6 22. Be4 f5 23. exf6 Bxf6 24. Bf2 Qd8 25. Qe1 Qd7 26. Bh4 Bg7 27. Ng5 Bd4+
28. Kf1 e5 29. Bg3 h6 30. Nf3 exf4 31. Bxf4 Kh7 32. Qd2 Qg7 33. Bxh6 Qxh6 34.
Ng5+ Kg7 35. Qf4 Ne5 36. Bxb7 Qh5 37. Bf3 Qh6 38. h4 Bc3 39. g3 a4 40. bxa4 Ba1
41. Kg2 Bc3 42. Qe4 Qh8 43. Qb7+ Kh6 44. Qxb6 Qc8 45. Bd5 Bd4 46. Qa7 Qd7 47.
Qxd7 Nxd7 48. a5 Nb8 49. Bb7 1-0

[Event "5MCR_4D_1L_4S"]
[Site "?"]
[Date "2002.??.??"]
[Round "?"]
[White "Rachunek, Milan"]
[Black "Cakl, Zdenek"]
[Result "1-0"]
[WhiteElo "2235"]
[BlackElo "2155"]
[PlyCount "89"]
[EventDate "2002.??.??"]
[EventType "corr"]
[SourceDate "2004.??.??"]

1. e4 c5 2. Nf3 Nc6 3. d4 cxd4 4. Nxd4 d6 5. c4 Nf6 6. Nc3 g6 7. Nc2 Bg7 8. Be2
O-O 9. Be3 b6 10. O-O Bb7 11. Qd2 Ne5 12. f3 Rc8 13. b3 a6 14. Rac1 Ned7 15.
Rfd1 Re8 16. Qe1 h5 17. Nb4 Nc5 18. Qh4 Ncd7 19. Qf2 Nc5 20. e5 Nfd7 21. exd6
exd6 22. Nbd5 Nf6 23. Bg5 Re5 24. h4 Bxd5 25. Nxd5 Qe8 26. Bxf6 Rxe2 27. Qg3
Rc6 28. Kf1 Kh7 29. Re1 Re6 30. Rxe6 Nxe6 31. Bxg7 Kxg7 32. Nb4 Rc8 33. Qxd6 b5
34. Qe5+ f6 35. Qd6 bxc4 36. bxc4 a5 37. Nd5 Rc6 38. Qa3 Qd8 39. Qe3 Qb8 40.
Kg1 Qb7 41. f4 Qf7 42. f5 gxf5 43. Re1 f4 44. Qa3 Qd7 45. Kh1 1-0

[Event "5MCR_4D_1L_4S"]
[Site "?"]
[Date "2002.??.??"]
[Round "?"]
[White "Rachunek, Milan"]
[Black "Flek, Vladislav"]
[Result "1-0"]
[WhiteElo "2235"]
[BlackElo "2000"]
[PlyCount "59"]
[EventDate "2002.??.??"]
[EventType "corr"]
[SourceDate "2004.??.??"]

1. e4 c5 2. Nf3 d6 3. d4 cxd4 4. Nxd4 Nf6 5. Nc3 a6 6. Be3 e5 7. Nb3 Be6 8. Qd2
b5 9. f3 Be7 10. O-O-O Nbd7 11. g4 Nb6 12. g5 Nfd7 13. f4 b4 14. Nd5 Nxd5 15.
exd5 Bg4 16. Re1 O-O 17. Rg1 Bf5 18. Qxb4 a5 19. Qa4 Nb6 20. Qb5 Nd7 21. Bd3
Bxd3 22. Qxd3 Qc7 23. f5 Rfb8 24. Nd2 Qb7 25. Nc4 e4 26. Qxe4 Ne5 27. Bd4 Nxc4
28. Qxe7 Qxd5 29. Qe4 Qb5 30. g6 1-0

[Event "5MCR_4D_1L_4S"]
[Site "?"]
[Date "2002.??.??"]
[Round "?"]
[White "Rachunek, Milan"]
[Black "Jordanek, Jiri"]
[Result "1/2-1/2"]
[WhiteElo "2235"]
[BlackElo "2000"]
[PlyCount "67"]
[EventDate "2002.??.??"]
[EventType "corr"]
[SourceDate "2004.??.??"]

1. e4 c5 2. Nf3 d6 3. d4 cxd4 4. Nxd4 Nf6 5. Nc3 a6 6. Be3 e6 7. f3 b5 8. g4 h6
9. Qd2 Nbd7 10. O-O-O Bb7 11. h4 b4 12. Na4 Qa5 13. b3 Be7 14. Kb1 Nc5 15. Nxc5
dxc5 16. Ne2 Rd8 17. Qc1 Rxd1 18. Qxd1 Nd7 19. Nf4 Qc7 20. Bc4 Bc6 21. Qf1 Bd6
22. Nd3 Bb5 23. Nb2 Qc6 24. g5 h5 25. g6 O-O 26. Qh3 Bxc4 27. gxf7+ Rxf7 28.
Nxc4 Bc7 29. Rd1 Ne5 30. Nxe5 Bxe5 31. f4 Bd4 32. Bxd4 cxd4 33. Rxd4 Qb6 34.
Qd3 1/2-1/2

[Event "5MCR_4D_1L_4S"]
[Site "?"]
[Date "2002.??.??"]
[Round "?"]
[White "Rachunek, Milan"]
[Black "Kolarik, Jiri"]
[Result "1-0"]
[WhiteElo "2235"]
[BlackElo "2375"]
[PlyCount "92"]
[EventDate "2002.??.??"]
[EventType "corr"]
[SourceDate "2004.??.??"]

1. e4 e6 2. d4 d5 3. Nc3 Bb4 4. e5 c5 5. a3 Bxc3+ 6. bxc3 Ne7 7. Qg4 O-O 8. Bd3
f5 9. exf6 Rxf6 10. Bg5 Rf7 11. Qh5 g6 12. Qd1 Qa5 13. Bd2 Nbc6 14. Nf3 c4 15.
Be2 Qc7 16. O-O Bd7 17. Rb1 b6 18. Re1 Nf5 19. Qc1 Ng7 20. Ng5 Rff8 21. Bg4
Rae8 22. Nf3 e5 23. Bxd7 Qxd7 24. Nxe5 Nxe5 25. dxe5 Qf5 26. f4 g5 27. fxg5
Qf2+ 28. Kh1 Qf5 29. Kg1 Rxe5 30. Rf1 Qc8 31. Rxf8+ Qxf8 32. Be3 Ne6 33. a4 Qe7
34. a5 bxa5 35. Rb8+ Kg7 36. h4 Re4 37. Qd2 a4 38. h5 Qf7 39. Qf2 Qxf2+ 40.
Kxf2 a5 41. Ra8 Kf7 42. Rxa5 Re5 43. Ra7+ Kg8 44. h6 Rf5+ 45. Ke2 a3 46. g4
Nxg5 1-0

[Event "5MCR_4D_1L_4S"]
[Site "?"]
[Date "2002.??.??"]
[Round "?"]
[White "Rachunek, Milan"]
[Black "Kosek, Lubomir"]
[Result "1-0"]
[WhiteElo "2235"]
[BlackElo "2110"]
[PlyCount "69"]
[EventDate "2002.??.??"]
[EventType "corr"]
[SourceDate "2004.??.??"]

1. d4 Nf6 2. Nc3 d5 3. Bg5 Nbd7 4. Nf3 c6 5. Qd3 h6 6. Bh4 Qa5 7. Nd2 e6 8. e4
dxe4 9. Ncxe4 Be7 10. Nxf6+ Nxf6 11. c3 O-O 12. Be2 Rd8 13. Nc4 Qf5 14. Rd1 Ne4
15. g4 Qf4 16. Bg3 Nxg3 17. hxg3 Qc7 18. f4 Bf6 19. Ne5 Bd7 20. g5 hxg5 21. Ng4
gxf4 22. Qh7+ Kf8 23. Nxf6 gxf6 24. Rh6 Ke7 25. Qg7 Be8 26. Qxf6+ Kd7 27. gxf4
Qd6 28. Kd2 Qd5 29. Bh5 Qxa2 30. Bxf7 Qxb2+ 31. Kd3 Kc7 32. Bxe8 Rxe8 33. Rh7+
Kb6 34. Qf7 Ka6 35. Ra1+ 1-0

[Event "5MCR_4D_1L_4S"]
[Site "?"]
[Date "2002.??.??"]
[Round "?"]
[White "Rachunek, Milan"]
[Black "Kuta, Miroslav"]
[Result "1/2-1/2"]
[WhiteElo "2235"]
[BlackElo "2180"]
[PlyCount "51"]
[EventDate "2002.??.??"]
[EventType "corr"]
[SourceDate "2004.??.??"]

1. d4 Nf6 2. Nc3 d5 3. Bg5 Nbd7 4. Nf3 h6 5. Bh4 e6 6. e4 g5 7. Bg3 Nxe4 8.
Nxe4 dxe4 9. Ne5 Bg7 10. h4 Nxe5 11. Bxe5 Bxe5 12. dxe5 Bd7 13. Qd4 Bc6 14.
Qxd8+ Rxd8 15. hxg5 Rd5 16. gxh6 Rxe5 17. b4 Rg5 18. Rb1 Rg6 19. b5 Bd7 20. Rb4
Rgxh6 21. Rxh6 Rxh6 22. Rxe4 Rh1 23. c4 c6 24. a4 cxb5 25. cxb5 f5 26. Rc4
1/2-1/2

[Event "5MCR_4D_1L_4S"]
[Site "?"]
[Date "2002.??.??"]
[Round "?"]
[White "Rachunek, Milan"]
[Black "Struzka, Vlastimil"]
[Result "1-0"]
[WhiteElo "2235"]
[BlackElo "2180"]
[PlyCount "115"]
[EventDate "2002.??.??"]
[EventType "corr"]
[SourceDate "2004.??.??"]

1. e4 d6 2. d4 Nf6 3. Nc3 g6 4. Be3 Bg7 5. Qd2 O-O 6. f3 c6 7. g4 b5 8. O-O-O
Qa5 9. Kb1 b4 10. Nce2 c5 11. g5 Nfd7 12. h4 Nb6 13. Nc1 cxd4 14. Bxd4 Bxd4 15.
Nb3 Bc3 16. Nxa5 Bxd2 17. Rxd2 f5 18. Bd3 Ba6 19. h5 Bxd3 20. cxd3 gxh5 21.
Rxh5 Rf7 22. Rdh2 fxe4 23. dxe4 Na6 24. Nc6 e5 25. g6 Rc7 26. gxh7+ Kh8 27. Na5
Nc5 28. Rd2 Rac8 29. Rd1 Nca4 30. Nh3 Rc2 31. Ng5 Rxb2+ 32. Ka1 Rg2 33. Nf7+
Kg7 34. Rdh1 Kxf7 35. h8=Q Rxh8 36. Rxh8 Nc3 37. R8h7+ Kf6 38. R1h6+ Kg5 39.
Rg7+ Kxh6 40. Rxg2 d5 41. exd5 Ncxd5 42. Rg4 Nd7 43. Nc6 N7f6 44. Rg1 e4 45.
fxe4 Nxe4 46. Nxa7 Nc5 47. Nc6 Na6 48. Rd1 Nc3 49. Rd8 Na4 50. Rd4 N4c5 51.
Nxb4 Ne6 52. Rd6 Nxb4 53. Rxe6+ Kg5 54. a4 Kf5 55. Rb6 Nd5 56. Rb7 Ke6 57. a5
Kd6 58. a6 1-0

[Event "5MCR_4D_1L_4S"]
[Site "?"]
[Date "2002.??.??"]
[Round "?"]
[White "Rybakova, Ivana"]
[Black "Cakl, Zdenek"]
[Result "0-1"]
[WhiteElo "2170"]
[BlackElo "2155"]
[PlyCount "43"]
[EventDate "2002.??.??"]
[EventType "corr"]
[SourceDate "2004.??.??"]

1. e4 c5 2. c3 d5 3. exd5 Qxd5 4. d4 Nf6 5. Nf3 Bg4 6. Be2 e6 7. h3 Bh5 8. c4
Qd7 9. g4 Bg6 10. d5 exd5 11. Ne5 Qe7 12. Nxg6 hxg6 13. g5 Ne4 14. cxd5 Nxg5
15. Qb3 Nd7 16. Be3 Qe4 17. Rg1 Nf3+ 18. Bxf3 Qxf3 19. Nd2 Qf5 20. O-O-O O-O-O
21. Nc4 Rxh3 22. d6 0-1